000 00769nam a22002057a 4500
005 20090116111024.0
008 090113c xxu||||| |||| 00| 0 eng d
040 _adpl/dbad
082 _a340
245 _aLabour and industrial cases
260 _aNagpur
_bAll India Reporter
_c2008-
300 _av.
_c24 cm.
310 _amonthly
500 _aa monthly labour and service law journal
650 _aLaw
_zIndia
700 _aManohar, V.R.
270 _aP.O. Box No. 209, Congress Nagar
_bNagpur
_dIndia
_e440012
_k0712-2434321, 2425123
_l0712-2426283
_msalessupport@allindiareporter.in
_zwww.allindiarereporter.in
942 _2ddc
_cSR
_h340
_mALL
_s1
999 _c21094
_d21094